Molecular Biology of The Cell (Record no. 2243)
[ view plain ]
| 000 -LEADER | |
|---|---|
| fixed length control field | 00560nam a22002057a 4500 |
| 003 - CONTROL NUMBER IDENTIFIER | |
| control field | OSt |
| 005 - DATE AND TIME OF LATEST TRANSACTION | |
| control field | 20180907142619.0 |
| 008 - FIXED-LENGTH DATA ELEMENTS--GENERAL INFORMATION | |
| fixed length control field | 150909b xxu||||| |||| 00| 0 eng d |
| 020 ## - INTERNATIONAL STANDARD BOOK NUMBER | |
| International Standard Book Number | 0815341067 |
| 040 ## - CATALOGING SOURCE | |
| Transcribing agency | DDC |
| 082 ## - DEWEY DECIMAL CLASSIFICATION NUMBER | |
| Edition number | 22nd ed. |
| Classification number | 571.6 MOL 2008 |
| 100 ## - MAIN ENTRY--PERSONAL NAME | |
| Personal name | Alberts, Bruce; [et.....al] |
| 9 (RLIN) | 5670 |
| 245 ## - TITLE STATEMENT | |
| Title | Molecular Biology of The Cell |
| 250 ## - EDITION STATEMENT | |
| Edition statement | 5th ed. |
| 260 ## - PUBLICATION, DISTRIBUTION, ETC. (IMPRINT) | |
| Place of publication, distribution, etc. | New York; |
| Name of publisher, distributor, etc. | Garland Science, |
| Date of publication, distribution, etc. | 2008 |
| 300 ## - PHYSICAL DESCRIPTION | |
| Extent | xxxiii,1268p; |
| Other physical details | col.ill: |
| Dimensions | 28cm |
| 504 ## - BIBLIOGRAPHY, ETC. NOTE | |
| Bibliography, etc | Glossary, & index included |
| 650 ## - SUBJECT ADDED ENTRY--TOPICAL TERM | |
| Topical term or geographic name as entry element | Biology Cell |
| 9 (RLIN) | 5695 |
| 942 ## - ADDED ENTRY ELEMENTS (KOHA) | |
| Source of classification or shelving scheme | Other/Generic Classification Scheme |
| Koha item type | Open Shelf |
| Withdrawn status | Lost status | Source of classification or shelving scheme | Damaged status | Not for loan | Home library | Current library | Date acquired | Source of acquisition | Inventory number | Total Checkouts | Full call number | Barcode | Date last seen | Date last checked out | Koha item type | Price effective from |
|---|---|---|---|---|---|---|---|---|---|---|---|---|---|---|---|---|
| Dewey Decimal Classification | MUST Main Library | MUST Main Library | 09/09/2015 | 15/39123 | 1 | 571.6 MOL 2008 | 2015-2223 | 07/05/2021 | 23/04/2021 | Open Shelf | ||||||
| Dewey Decimal Classification | MUST Main Library | MUST Main Library | 13/05/2016 | 12/36786 | 571.6 MOL 2008 | 2016-1922 | 13/05/2016 | Open Shelf | 13/05/2016 | |||||||
| Other/Generic Classification Scheme | MUST Main Library | MUST Main Library | 02/09/2016 | 11/33611 | 2 | 571.6 MOL 2008 | 2016-4027 | 18/09/2025 | 04/09/2025 | Open Shelf | 02/09/2016 | |||||
| Dewey Decimal Classification | MUST Main Library | MUST Main Library | 10/10/2016 | 11/33612 | 4 | 571.6 MOL 2008 | 2016-4703 | 26/04/2021 | 23/04/2021 | Open Shelf | 10/10/2016 |
